[Event "Top 12 FRA-chT 2017"]
[Site "Chartres"]
[Date "2017.05.21"]
[Round "4"]
[White "Navara, David"]
[Black "Jobava, Baadur"]
[Result "1/2-1/2"]
[WhiteElo "2739"]
[BlackElo "2713"]
[Annotator "TA"]
[PlyCount "128"]
[EventDate "2017.??.??"]
[EventType "team-tourn"]
[EventCountry "FRA"]
[SourceTitle "playchess.com"]
[Source "ChessBase"]
[SourceQuality "1"]
[WhiteTeam "Mulhouse Philidor"]
[BlackTeam "Tremblay-En-France"]

{[%evp 10,128,33,24,59,65,91,95,88,87,133,72,97,73,70,75,77,71,109,96,91,76,77,85,80,81,275,271,279,274,269,270,270,275,366,383,364,376,339,352,486,482,483,480,479,464,353,366,348,350,339,332,304,184,142,111,108,109,182,169,196,191,165,165,580,502,503,494,440,37,17,-12,-10,-11,10,-6,0,0,0,0,0,0,7,0,50,0,0,0,42,27,12,26,18,0,24,12,25,0,0,0,0,0,0,0,0,0,0,-16,-12,-31,-22,-19,-13,-17,-4,-4,0,0,-4,-8,-6]} 1. d4 d5 2. c4 c6 3. Nf3 Nf6 4. Nc3 dxc4 5. a4 a5 6. Ne5 {LiveBook: 14 Games. D16: Slav Defence: 5 a4: Lines with 5...Bg4 and 5...Na6} (6. e3 Bg4 7. Bxc4 e6 8. h3 Bh5 9. g4 Bg6 10. Ne5 Nbd7 11. Nxg6 hxg6 12. Qf3 Bb4 13. Bd2 Qe7 {1-0 (65) Gupta,A (2607)-Jobava,B (2712) Reykjavik 2017}) 6... Na6 7. e4 {[%cal Be2e4,Be4e5][%mdl 32]} Be6 8. Bxc4 $146 {White is better.} ({Predecessor:} 8. Nxc4 Nb4 9. Be3 Ng4 10. d5 Nxe3 11. Nxe3 Bd7 12. Bc4 e6 13. O-O Bd6 14. Qg4 {½-½ (30) Loeschnauer,R (2230)-Mayer,R (2251) ICCF email 2001}) 8... Bxc4 9. Nxc4 e6 10. O-O (10. Bg5 $142) 10... Be7 $16 11. e5 Nd5 12. Qg4 Kf8 13. Ne4 Nac7 14. Ned6 b6 15. Ra3 h5 16. Rh3 g6 17. Qe4 $40 {[%mdl 128] White is out for blood.} Kg8 $2 (17... Bxd6 $16 18. exd6 Ne8) 18. Rg3 $1 $18 Qf8 19. f4 h4 20. Rg4 Bxd6 21. Nxd6 (21. exd6 f5 $15) 21... Ne8 22. Nxf7 $1 Qxf7 23. f5 {aiming for fxe6.} Ng7 {[%cal Re6f5]} 24. fxe6 (24. fxg6 Qe8 $14) 24... Qxe6 25. Rxg6 Qe8 26. e6 Ra7 27. Bh6 Rh7 28. Qxh4 Re7 {[#]} (28... Qxg6 29. Qd8+ Qe8 30. Qxe8+ Nxe8 31. Rf8#) 29. Qg5 $1 Nc7 30. Rff6 Qd8 31. Qg4 {Hoping for Bxg7.} Qd5 32. h3 c5 33. dxc5 Qxc5+ (33... bxc5 $16 34. Kh1 (34. Rf7 Rxf7 35. exf7+ Qxf7 $16) 34... Qe5) 34. Kh1 Qe5 {[%cal Rc7e6] [#]} 35. Qf3 $1 {[%csl Gf3][%cal Rf6f8][%mdl 1024] White has strong compensation.} Qe1+ 36. Kh2 {[%csl Gf3][%cal Rf6f8]} Qe5+ $2 (36... Rxh6 37. Rxh6 Qe5+ 38. Kh1 Qe1+ 39. Kh2 Qe5+ 40. Qg3 Qxg3+ 41. Kxg3 Ngxe6) 37. Bf4 Qd5 38. Qa3 Qd8 {[%cal Re7e6]} 39. Bd6 $2 ({White should try} 39. Qg3 $18 Nce8 40. Rf5) 39... Rxe6 $14 40. Rf8+ Qxf8 41. Rxe6 $1 Qd8 (41... Ncxe6 $2 {loses.} 42. Bxf8 Nxf8 43. Qb3+ Nge6 44. Qxb6 $18) 42. Re7 Nce8 43. Be5 Qd5 44. Qg3 (44. Bxg7 $5 Nxg7 45. Qg3 $14) 44... Kf8 45. Qg5 Qc6 $1 46. Ra7 {Qe7+ would kill now.} Kg8 47. Re7 Kf8 48. Ra7 {Threatening mate with Qe7+.} Kg8 49. b3 Qe6 50. Re7 Qc6 51. Qf4 {White wants to mate with Qf7+.} Ne6 (51... Qg6 $5 {[%cal Rg7e6]} 52. Qc4+ Kf8 $11) 52. Qg4+ N6g7 53. b4 axb4 54. Qf4 {White threatens Qf7+ and mate.} Nh5 55. Qg4+ Nhg7 $1 56. Qxb4 {And now Qb3+ would win.} Rh6 57. Qb3+ Kh7 58. Ra7 Qe4 59. Ba1 (59. Qc3 $5 {[%cal Re5g7]} Nf6 60. Bd4 $15) 59... Rg6 {[%csl Gg6][%cal Re4g2]} 60. Qf3 {The position is equal.} Qxf3 61. gxf3 Rc6 (61... Kg8 $5 {[%cal Rg7f5]} 62. Bxg7 Rxg7 $17) 62. a5 bxa5 (62... Kg6 $5 {[%cal Rc6c2]} 63. Bxg7 Nxg7 $15) 63. Bxg7 Nxg7 64. Rxa5 Kg6 {Precision: White = 64%, Black = 57%.} 1/2-1/2

[Event "Top 12 FRA-chT 2017"]
[Site "Chartres"]
[Date "2017.05.21"]
[Round "4"]
[White "Li, Chao b"]
[Black "Neiksans, Arturs"]
[Result "1-0"]
[WhiteElo "2722"]
[BlackElo "2599"]
[Annotator "TA"]
[PlyCount "205"]
[EventDate "2017.??.??"]
[EventType "team-tourn"]
[EventCountry "FRA"]
[SourceTitle "playchess.com"]
[Source "ChessBase"]
[SourceQuality "1"]
[WhiteTeam "Nice Alekhine"]
[BlackTeam "Saint Quentin"]

{[%evp 18,205,7,9,29,15,45,50,55,68,68,51,61,38,51,31,33,28,59,56,72,68,62,62,59,59,62,30,30,31,29,31,31,31,33,31,38,34,35,29,27,10,10,10,10,10,10,0,10,10,10,10,10,4,10,9,19,11,11,11,11,11,29,11,12,11,12,12,12,12,17,0,8,0,0,0,8,0,10,0,12,12,19,19,20,11,11,11,11,11,14,11,11,11,13,13,31,31,31,31,37,31,39,34,43,41,38,38,42,16,31,0,0,0,0,4,11,8,18,2,49,43,46,46,49,22,40,20,21,22,47,0,0,0,0,0,195,195,195,148,195,195,195,195,195,195,195,195,222,195,195,178,222,222,1614,1585,1303,993,12839,12839,12842,12843,12843,268,261,0,12843,222,12842,12842,12843,12843,12843,12844,12844,12845,12845,12845,12846,12846,12847,12847,12849,12849,12850,12850,12850,29986,29986,29987]} 1. d4 Nf6 2. c4 e6 3. Nc3 Bb4 4. Nf3 b6 5. e3 Bb7 6. Bd3 O-O 7. O-O d5 8. cxd5 exd5 9. Bd2 Nbd7 10. Rc1 a6 {E52: Nimzo-Indian: Rubinstein: 4...0-0 5 Nf3 d5 6 Bd3 b6} 11. Ne5 Bd6 12. f4 Ne4 {White is slightly better.} 13. Nxe4 dxe4 14. Bc4 Nf6 15. Qb3 {[%cal Re5f7]} Qe7 16. Be1 b5 17. Bh4 Ra7 $146 ({Predecessor:} 17... c5 18. dxc5 Bxe5 19. fxe5 Qxe5 20. Bxf6 gxf6 {1-0 (38) Keene,R-Seuss,O Ybbs 1968}) 18. Be2 Qe6 19. Bxf6 gxf6 20. Nc6 Qxb3 21. axb3 Raa8 22. Bg4 (22. Kf2 {is more complex.} Kg7 23. h3 Bc8 24. d5 Bd7 25. Nd4) 22... a5 {[%cal Ba6a5,Ba5a4][%mdl 32]} 23. Be2 Bxc6 24. Rxc6 Rfb8 25. Ra1 a4 26. Kf2 axb3 27. Rb1 Ra4 28. Bd1 Rc4 29. Rc1 Ra8 {aiming for ...Rxc6.} 30. Bxb3 Rxc6 31. Rxc6 $11 {[%mdl 4096] Endgame KRB-KRB} f5 32. Bd5 Ra5 33. Rc1 Kg7 34. Ke2 Kf6 35. Kd2 h6 36. Bc6 Ra4 37. Rb1 Ra5 38. Kc2 b4 39. Kb3 Ra6 40. Rc1 (40. Bb5 $5 {[%cal Rb5a6]} Ra8 41. Rc1 $14) 40... Ra5 41. g3 Ke7 42. Rg1 h5 43. Rc1 Kf6 44. Kc2 Ke7 45. Kb1 Kf6 46. Kc2 Ke7 47. Rg1 Kf6 48. h3 Ke7 49. Kb3 Ke6 50. Kc4 Ke7 51. g4 hxg4 52. hxg4 fxg4 53. Rxg4 Ra2 54. Kb3 Ra1 $1 55. f5 Kf6 56. Rxe4 Rc1 57. Bd5 c5 58. Rh4 {Rh6+ is the strong threat.} cxd4 59. exd4 Kg5 60. Rh7 Rc7 61. Bxf7 Kxf5 62. Rh5+ Ke4 63. Bc4 Rg7 64. Rh4+ Ke3 $1 65. Rh6 Bf4 66. Rf6 Rd7 67. d5 Be5 68. Rb6 Bd6 (68... Rd6 $5 {[%cal Rd6b6]} 69. Rxb4 Rd8 $11) 69. Bb5 Rd8 70. Kc4 Ke4 71. Rb7 Rh8 72. Rg7 Rh2 73. Rg6 Be5 74. d6 {[%cal Bd5d6,Bd6d7][%mdl 32] Black must now prevent b3.} Rc2+ 75. Kxb4 {Strongly threatening b3.} Rxb2+ 76. Kc5 Rd2 $2 (76... Bxd6+ $11 {and Black has nothing to worry.} 77. Rxd6 Rf2) 77. d7 $18 Kf5 78. Rg8 Bf6 79. Re8 Bd4+ 80. Kc6 Bf6 81. Bc4 Rc2 82. Kc5 Rd2 83. Bd5 {Threatens to win with Kd6.} Bh4 84. Re4 Bd8 85. Kd6 Rb2 $2 (85... Rc2 86. Re5+ Kf4) 86. Re8 Rb8 87. Bb7 Kg5 88. Ke6 Kf4 89. Kf7 Kg3 90. Rg8+ $2 (90. Kg6 Kh4 91. Rf8) 90... Kf4 91. Re8 $2 (91. Ke6 Ke3 92. Kd5) 91... Kg3 $1 {Black hopes to continue with ...Kf4.} 92. Bc8 $2 (92. Kg6 Kf4 93. Kh5) 92... Ba5 $2 (92... Bc7 93. Re3+ Kf2) 93. Re5 Bc7 94. Rc5 Bd8 95. Ke8 Bf6 96. Rc6 Bh4 97. Rg6+ Kf3 {[#]} 98. Rg4 $3 {[%mdl 512]} Bf6 {[#]} (98... Kxg4 99. d8=Q+) 99. Rg7 $3 {[%mdl 512]} Rb4 (99... Bxg7 100. d8=Q) 100. Rf7 Re4+ 101. Kf8 Rf4 102. Rxf6 Rxf6+ 103. Ke7 {Precision: White = 62%, Black = 57%.} 1-0

[Event "Top 12 FRA-chT 2017"]
[Site "Chartres"]
[Date "2017.05.21"]
[Round "4"]
[White "Kryvoruchko, Yuriy"]
[Black "Flear, Glenn C"]
[Result "1-0"]
[WhiteElo "2714"]
[BlackElo "2439"]
[Annotator "TA"]
[PlyCount "55"]
[EventDate "2017.??.??"]
[EventType "team-tourn"]
[EventCountry "FRA"]
[SourceTitle "playchess.com"]
[Source "ChessBase"]
[SourceQuality "1"]
[WhiteTeam "Grasse Echecs"]
[BlackTeam "Montpellier"]

{[%evp 22,55,22,15,26,26,26,15,17,21,26,25,25,21,22,25,45,60,39,40,48,52,52,48,83,76,97,98,121,122,110,119,211,210,1600,1302]} 1. Nf3 d5 2. g3 Bg4 3. Bg2 Nd7 4. c4 e6 5. cxd5 exd5 6. O-O Ngf6 7. d3 c6 8. h3 {A11: English Opening: 1...c6} (8. Nc3 Bc5 9. h3 Bxf3 10. Bxf3 O-O 11. e4 dxe4 12. dxe4 Qc7 13. Kg2 Rfe8 14. Qc2 Qe5 15. Bf4 Qe7 16. Kh2 Ne5 17. Bg2 Bd4 18. Ne2 {½-½ (66) Anand,V (2779)-Mchedlishvili,M (2601) Doha 2016}) 8... Bxf3 9. exf3 Be7 10. f4 O-O 11. Nd2 Re8 12. Nf3 {LiveBook: 4 Games} Qc7 $146 ({Predecessor:} 12... a5 13. Ne5 Qb6 14. d4 a4 15. Rb1 Nf8 {0-1 (24) Maletin,P (2598)-Sjugirov,S (2641) Khanty-Mansiysk 2013}) 13. Bd2 a5 14. Qc2 Qb6 15. Rac1 Bc5 16. Bc3 d4 17. Be1 Bb4 18. a3 (18. h4 {looks sharper.} h6 19. Bd2 Bxd2 20. Nxd2 a4 21. a3) 18... Bxe1 19. Rfxe1 Rxe1+ 20. Rxe1 Re8 21. Rxe8+ Nxe8 22. Qa4 Qxb2 23. Qxa5 Kf8 24. Ne5 Qc1+ 25. Kh2 Nxe5 26. fxe5 Qc3 {[#]} (26... Qg5 $16) 27. Qa7 $1 $18 c5 $2 (27... h5 28. Qxb7 Qxa3 29. Qxc6 (29. Bxc6 Qc5 $16) 29... h4 30. gxh4 Qxd3 31. Qc5+ Kg8) 28. Bxb7 {Precision: White = 100%, Black = 19%.} 1-0

[Event "Top 12 FRA-chT 2017"]
[Site "Chartres"]
[Date "2017.05.21"]
[Round "4"]
[White "Malakhov, Vladimir"]
[Black "Gledura, Benjamin"]
[Result "1/2-1/2"]
[WhiteElo "2712"]
[BlackElo "2602"]
[Annotator "TA"]
[PlyCount "109"]
[EventDate "2017.??.??"]
[EventType "team-tourn"]
[EventCountry "FRA"]
[SourceTitle "playchess.com"]
[Source "ChessBase"]
[SourceQuality "1"]
[WhiteTeam "Tremblay-En-France"]
[BlackTeam "Mulhouse Philidor"]

{[%evp 17,109,1,10,0,6,0,0,0,0,-14,20,-17,44,45,36,3,3,3,3,0,9,0,8,5,17,15,19,22,13,15,16,16,31,25,40,35,61,47,49,64,71,70,118,118,125,133,144,87,139,139,139,139,279,273,252,243,331,295,196,6,16,5,9,7,31,14,12,28,33,0,0,0,0,0,0,0,0,0,0,0,0,0,0,0,0,0,0,0,0,0,0,0,0,0]} 1. e4 e5 2. Nf3 Nc6 3. Bc4 Bc5 4. O-O Nf6 5. d3 d6 6. c3 a5 {C54: Giuoco Piano: 4 c3 Nf6, main lines with 5 d4 and 5 d3} (6... h6 7. Re1 O-O 8. Nbd2 a6 9. Nf1 Re8 10. a4 Ba7 11. b4 Be6 12. Bxe6 Rxe6 13. Be3 Qd7 14. b5 Ne7 15. bxa6 bxa6 16. Bxa7 Rxa7 {1-0 (41) Kramnik,V (2811)-Adams,M (2761) Shamkir 2017}) 7. h3 h6 8. Re1 O-O 9. Nbd2 {[%cal Bb1d2,Bd2f1,Bf1g3][%mdl 32]} a4 {LiveBook: 6 Games} 10. Nf1 Bd7 11. d4 Bb6 12. Ng3 Re8 13. dxe5 $146 ({Predecessor:} 13. Bf1 Na5 14. b4 axb3 15. axb3 {1-0 (65) Leko,P (2693)-Ganguly,S (2668) Doha 2016}) 13... dxe5 14. Be3 Qe7 (14... Bxe3 $11 15. Rxe3 Na5) 15. Bxb6 $14 cxb6 16. b4 axb3 17. axb3 Rxa1 18. Qxa1 Na5 19. Nd2 Nxc4 20. Nxc4 Qc5 21. Qa7 Be6 22. Qxb6 Qxb6 23. Nxb6 Bxb3 24. Rb1 Be6 25. c4 {[%cal Bc3c4,Bc4d5][%mdl 32]} Rd8 26. Nd5 Bxd5 27. cxd5 {[%mdl 4096] Endgame KRN-KRN} Rd7 28. f3 g6 29. Nf1 Ne8 30. Ne3 h5 31. Nc4 $1 {[%cal Rc4e5]} f6 32. g4 (32. Rb6 $142) 32... hxg4 (32... Rc7 $142) 33. hxg4 $16 {[%cal Bh3g4,Bg4g5][%mdl 32]} (33. fxg4 Rc7 $14) 33... Rc7 34. Na5 $1 f5 {[#]} (34... Nd6 $16) 35. Rb6 $1 $18 ({Less strong is} 35. Nxb7 fxe4 36. fxe4 Nf6 $16) (35. Rxb7 Rxb7 36. Nxb7 fxg4 $14) (35. exf5 gxf5 36. gxf5 Nd6 $11) 35... fxe4 36. fxe4 Kf7 {[#]} 37. g5 $1 ({Not} 37. Nxb7 Rc4 $16) ({And not} 37. Rxb7 Rxb7 38. Nxb7 Nf6 $11) 37... Rc5 38. Rxb7+ $2 (38. Nxb7 $18 Rc4 39. d6) 38... Kf8 $1 $11 39. Nc6 Nd6 40. Rb4 Nf7 41. Rb8+ Kg7 42. Rb7 Kf8 43. Rxf7+ (43. Nb8 {keeps more tension.} Rc1+ 44. Kf2 Nxg5 45. Nd7+ Ke8 46. Nf6+) 43... Kxf7 {The position is equal.} 44. Nxe5+ $14 {KR-KN} Ke7 45. Nxg6+ Kd6 46. Kf2 (46. Nf4 $5 {[%cal Re4e5]} Rc4 47. g6 Rxe4 48. g7 $11) 46... Rc3 47. Nf8 {g6 is the strong threat.} Rc8 48. Ne6 Ke5 49. Kf3 {aiming for g6.} Rc3+ $1 50. Kg4 Rc4 51. g6 (51. Kh5 $5 {[%cal Rg5g6]} Rxe4 52. g6 $11) 51... Rxe4+ 52. Kf3 {And now g7 would win.} Re1 53. Kf2 Re4 54. Kf3 {Hoping for g7.} Re1 55. Kf2 {Precision: White = 54%, Black = 49%.} 1/2-1/2

[Event "Top 12 FRA-chT 2017"]
[Site "Chartres"]
[Date "2017.05.21"]
[Round "4"]
[White "Rodshtein, Maxim"]
[Black "Wojtaszek, Radoslaw"]
[Result "1/2-1/2"]
[WhiteElo "2698"]
[BlackElo "2734"]
[Annotator "TA"]
[PlyCount "40"]
[EventDate "2017.??.??"]
[EventType "team-tourn"]
[EventCountry "FRA"]
[SourceTitle "playchess.com"]
[Source "ChessBase"]
[SourceQuality "1"]
[WhiteTeam "Bischwiller"]
[BlackTeam "Clichy"]

{[%evp 22,23,24,14]} 1. d4 Nf6 2. c4 e6 3. g3 d5 4. Bg2 dxc4 5. Nf3 c5 6. O-O Nc6 7. dxc5 Qxd1 8. Rxd1 Bxc5 9. Nbd2 c3 10. bxc3 O-O 11. Nb3 Be7 {E04: Open Catalan: 5 Nf3} 12. Nfd4 {LiveBook: 77 Games} {Predecessor:} Bd7 $146 13. Nxc6 Bxc6 14. Bxc6 bxc6 15. c4 Rfb8 16. f3 Kf8 17. Bd2 Ke8 18. Bc3 g6 19. Kf2 Nd7 20. Ba5 Rb7 {½-½ (45) Eljanov,P (2751)-Wojtaszek,R (2745) Shamkir 2017} 1/2-1/2

[Event "Top 12 FRA-chT 2017"]
[Site "Chartres"]
[Date "2017.05.21"]
[Round "4"]
[White "Ragger, Markus"]
[Black "Fressinet, Laurent"]
[Result "1/2-1/2"]
[WhiteElo "2680"]
[BlackElo "2668"]
[Annotator "TA"]
[PlyCount "29"]
[EventDate "2017.??.??"]
[EventType "team-tourn"]
[EventCountry "FRA"]
[SourceTitle "playchess.com"]
[Source "ChessBase"]
[SourceQuality "1"]
[WhiteTeam "Bischwiller"]
[BlackTeam "Clichy"]

{[%evp 14,29,31,16,22,15,9,10,20,-8,-8,-6,9,10,98,62,28,-9]} 1. d4 d5 2. c4 c6 3. Nf3 Nf6 4. e3 Bf5 5. Nc3 a6 {[%cal Ba7a6,Ba6a5,Ba5a4][%mdl 32]} 6. Qb3 b5 {D15: Slav Defence: 4 Nc3 a6 and gambit lines after 4 Nc3 dxc4} 7. c5 a5 8. Ne5 {LiveBook: 32 Games} g6 {The position is equal.} 9. Nxb5 $146 ({Predecessor:} 9. Qd1 Bg7 10. g4 Be6 11. Bg2 h5 12. g5 {½-½ (35) Riazantsev,A (2658)-Khairullin,I (2653) Kaliningrad 2015}) 9... a4 10. Qb4 Nfd7 11. Nc3 {[#] Black must now prevent Qb7.} Nxe5 12. dxe5 Nd7 13. Nxa4 Nxe5 (13... Bg7 $11) 14. Bd2 Nd7 15. Be2 1/2-1/2

[Event "Top 12 FRA-chT 2017"]
[Site "Chartres"]
[Date "2017.05.21"]
[Round "4"]
[White "Van Wely, Loek"]
[Black "Edouard, Romain"]
[Result "1-0"]
[WhiteElo "2663"]
[BlackElo "2640"]
[Annotator "TA"]
[PlyCount "69"]
[EventDate "2017.??.??"]
[EventType "team-tourn"]
[EventCountry "FRA"]
[SourceTitle "playchess.com"]
[Source "ChessBase"]
[SourceQuality "1"]
[WhiteTeam "Clichy"]
[BlackTeam "Bischwiller"]

{[%evp 22,69,48,41,66,58,66,56,62,54,54,49,52,32,59,11,81,65,67,57,89,87,82,59,95,85,145,86,89,81,56,45,78,74,189,0,421,382,398,414,407,398,403,394,397,385,405,400,880,821]} 1. c4 c5 2. Nf3 g6 3. d4 cxd4 4. Nxd4 Nc6 5. e4 Bg7 6. Be3 Nf6 7. Nc3 Ng4 8. Qxg4 Nxd4 9. Qd1 e5 10. Bd3 d6 11. O-O O-O 12. a4 a5 $146 {B39: Sicilian: Maroczy Bind with 5...Bg7 and 7...Ng4} ({Predecessor:} 12... Be6 13. Nb5 Qb6 14. Qd2 Rfc8 15. Rfc1 a6 16. a5 Qc5 17. b4 Qc6 18. Nxd4 exd4 19. Bh6 Bh8 20. f4 f5 21. exf5 Bxf5 22. Bxf5 gxf5 23. Ra3 d5 24. Rg3+ Kf7 {½-½ (24) Horvath,A (2473)-Seres,L (2461) Hungary 2011}) 13. Nb5 Bd7 14. Bxd4 Bxb5 {White is slightly better.} 15. Be3 Bc6 16. f3 f5 17. Qc2 {[%cal Re4f5]} Qf6 18. Rad1 Qe6 (18... f4 $11 19. Bb6 Rfc8) 19. Rd2 Kh8 20. Rfd1 Rf6 21. Bg5 Rf7 22. Be2 fxe4 23. fxe4 ({Reject} 23. Rxd6 $6 Qf5 $11) 23... Rd7 (23... Bf6 $142 24. Rxd6 Qe7) 24. b3 (24. h3 $142 $1 {Threatens to win with Bg4.} h5 25. b3) 24... h5 25. Qd3 Kh7 26. Qe3 Bf6 27. c5 $36 {[%cal Rd2d6][%mdl 2048] Black is under strong pressure.} Rad8 (27... Bxg5 $16 28. Qxg5 Qxb3) 28. Bc4 $2 (28. Rf1 $1 $18 {[%cal Rf1f6]} Bxg5 29. Qxg5 Bxe4 30. Bxh5 $1 {[%mdl 512]}) 28... Qe7 $2 {[%mdl 8192]} (28... Bxg5 $11 {and Black is okay.} 29. Qxg5 (29. Bxe6 $2 {perishes.} Bxe3+ 30. Kf1 Re7 $19) 29... d5 30. Rxd5 Bxd5 31. exd5 Rxd5 32. Bxd5 Rxd5 33. Rxd5 Qxd5) 29. Bxf6 $18 Qxf6 30. Rf1 Qh4 31. Rdf2 {aiming for Rf7+.} Rg7 {[#]} 32. Rf7 $1 {[%cal Rf7g7] Rxg7+ is the strong threat.} Rd7 33. Rxd7 Rxd7 34. cxd6 {Black must now prevent Rf8.} Kg7 (34... Qd8 $142 35. Be6 Rg7) 35. Be6 {Precision: White = 58%, Black = 34%.} 1-0

[Event "Top 12 FRA-chT 2017"]
[Site "Chartres"]
[Date "2017.05.21"]
[Round "4"]
[White "Bachmann, Axel"]
[Black "Sanikidze, Tornike"]
[Result "1-0"]
[WhiteElo "2646"]
[BlackElo "2518"]
[Annotator "TA"]
[PlyCount "107"]
[EventDate "2017.??.??"]
[EventType "team-tourn"]
[EventCountry "FRA"]
[SourceTitle "playchess.com"]
[Source "ChessBase"]
[SourceQuality "1"]
[WhiteTeam "Bois-Colombes"]
[BlackTeam "Strasbourg"]

{[%evp 20,107,20,10,30,15,36,32,39,3,43,39,61,47,58,22,58,58,58,58,58,63,56,58,62,57,70,63,57,48,52,47,50,52,48,60,49,52,62,37,37,27,28,32,147,142,159,164,160,150,180,166,184,0,142,135,190,109,154,169,312,321,320,250,252,250,245,244,288,312,281,288,402,394,524,474,451,429,529,503,644,635,695,682,695,687,720,664,778,764]} 1. c4 e6 2. Nf3 Nf6 3. b3 Be7 4. Bb2 O-O 5. g3 d5 6. Bg2 b6 7. O-O Bb7 8. e3 {[%cal Be2e3,Be3e4,Be4e5][%mdl 32]} Nbd7 9. Qe2 c5 10. d3 Rc8 {A14: English Opening: 1...e6 with b3 by White} 11. Nbd2 {LiveBook: 8 Games} Rc7 12. e4 d4 $146 {The position is equal.} ({Predecessor:} 12... dxe4 13. dxe4 Qa8 14. Rfe1 Rd8 15. e5 Ne8 {½-½ (15) Mirzoev,A (2494)-Rausis,I (2466) Cairo 2002}) 13. e5 Ne8 14. Ne1 (14. b4 $5) 14... Qb8 15. f4 g6 16. Bc1 Ng7 17. Ne4 f5 18. exf6 $1 Nxf6 19. Bd2 Nxe4 20. Bxe4 Bxe4 21. Qxe4 Bf6 22. Nf3 Re7 23. b4 (23. Ne5 $5 {[%cal Re5c6]}) 23... Nf5 24. bxc5 bxc5 25. Rab1 Qc7 26. Ne5 Nd6 27. Qg2 Bxe5 28. fxe5 Rxf1+ 29. Rxf1 (29. Kxf1 $5 {[%cal Re5d6]} Rf7+ 30. Kg1 $14) 29... Nf7 30. Qa8+ Qd8 31. Qc6 Qb6 ({Black should try} 31... Rc7 $14 32. Qf3 (32. Qxe6 Re7 $11) 32... Qe7) 32. Qc8+ $16 Qd8 33. Qxc5 Rc7 34. Qb5 Qc8 35. Qb2 $36 {[%mdl 2048] White is on the roll.} Rd7 36. Qb5 $2 (36. Bc1 $18) 36... Rb7 (36... Rc7 $1 $11) 37. Qa5 Kg7 (37... Qd8 $16) 38. Bb4 (38. Bc1 $18) 38... Qc6 {aiming for ...Ng5.} 39. Qc5 {[%csl Gb4][%cal Rc5f8]} Qe8 (39... Qxc5 {is a better defense.} 40. Bxc5 Rb2) 40. a3 $18 Rd7 41. Qb5 Qc8 {[#]} 42. Bd6 $1 Rb7 {[#]} 43. Qa6 $1 Ng5 {intending ...Nf3+.} 44. Bf8+ Kg8 45. Bb4 Nf7 46. Rf6 Kg7 47. Qxe6 {White is clearly winning.} Qxe6 48. Rxe6 {[%mdl 4096] Endgame KRB-KRN} a5 49. Bc5 Ng5 50. Rf6 Rb1+ 51. Kg2 Rb2+ 52. Kf1 Rb3 53. Ke2 h5 54. Bxd4 {Precision: White = 69%, Black = 40%.} 1-0

[Event "Top 12 FRA-chT 2017"]
[Site "Chartres"]
[Date "2017.05.21"]
[Round "4"]
[White "Gajewski, Grzegorz"]
[Black "Piorun, Kacper"]
[Result "1/2-1/2"]
[WhiteElo "2634"]
[BlackElo "2638"]
[Annotator "TA"]
[PlyCount "61"]
[EventDate "2017.??.??"]
[EventType "team-tourn"]
[EventCountry "FRA"]
[SourceTitle "playchess.com"]
[Source "ChessBase"]
[SourceQuality "1"]
[WhiteTeam "Mulhouse Philidor"]
[BlackTeam "Tremblay-En-France"]

{[%evp 19,61,16,22,0,0,0,0,10,10,0,6,21,8,12,6,0,0,0,8,0,0,0,0,0,5,4,4,6,10,4,18,14,8,9,22,0,0,0,0,0,0,0,0,0]} 1. d4 d5 2. c4 c5 3. cxd5 Qxd5 4. Nf3 {[%cal Bg1f3,Bf3d4,Bd4b3][%mdl 32]} cxd4 5. Nc3 Qa5 6. Nxd4 {D06: Queen's Gambit: Symmetrical and Baltic Defences} Nf6 (6... e5 7. Nb3 Qc7 8. Nd5 Qd8 9. e4 Nc6 10. Bb5 a6 11. Bxc6+ bxc6 {½-½ (49) Akobian,V (2633)-Mamedyarov,S (2766) chess.com INT 2017}) 7. g3 e5 8. Nb3 Qc7 9. Bg2 Bb4 10. Bd2 O-O {LiveBook: 9 Games. The position is equal.} 11. Nb5 Qc4 $146 12. Na3 Bxa3 13. bxa3 Nc6 14. Qc1 Be6 15. Qxc4 Bxc4 16. Rc1 Bd5 17. Bxd5 Nxd5 18. e4 Nde7 19. Ke2 f6 20. Be3 Kf7 21. Rc4 Rfc8 22. Rhc1 b6 23. a4 Ke6 24. a5 Kd7 25. axb6 axb6 26. a4 Ra6 27. Bc5 Nd8 28. Bxe7 Rxc4 29. Rxc4 {[#] aiming for Bc5.} Kxe7 30. Rc7+ Kf8 31. Rc4 {Precision: White = 54%, Black = 75%.} 1/2-1/2

[Event "Top 12 FRA-chT 2017"]
[Site "Chartres"]
[Date "2017.05.21"]
[Round "4"]
[White "Gharamian, Tigran"]
[Black "Degraeve, Jean-Marc"]
[Result "1/2-1/2"]
[WhiteElo "2626"]
[BlackElo "2592"]
[Annotator "TA"]
[PlyCount "39"]
[EventDate "2017.??.??"]
[EventType "team-tourn"]
[EventCountry "FRA"]
[SourceTitle "playchess.com"]
[Source "ChessBase"]
[SourceQuality "1"]
[WhiteTeam "Nice Alekhine"]
[BlackTeam "Saint Quentin"]

{[%evp 15,39,43,40,21,30,35,65,21,60,44,131,145,154,139,144,63,56,54,40,22,24,17,45,0,22,18]} 1. e4 e5 2. Nf3 Nc6 3. Bb5 Bc5 4. c3 f5 5. d4 fxe4 6. Bxc6 dxc6 7. Nxe5 Bd6 8. O-O {C64: Ruy Lopez: Classical Defence (3...Bc5) except 4 0-0 Nf6} (8. Qh5+ g6 9. Qe2 Bf5 10. h3 Qe7 11. Bf4 Nf6 12. Nd2 O-O-O 13. O-O Rhg8 14. Bh2 h5 15. Ndc4 Nd5 16. f3 exf3 17. Qxf3 Bxe5 18. Nxe5 {1-0 (31) Anand,V (2776)-L'Ami,E (2605) Germany 2017}) 8... Qh4 {LiveBook: 4 Games} 9. Qb3 Bxe5 10. dxe5 {White has an edge.} Ne7 11. Be3 Qh5 $146 ({Predecessor:} 11... Rf8 12. Nd2 Rf5 13. Rfe1 Rxe5 14. Bd4 Rb5 15. Qa3 Rh5 {1-0 (37) Martinez Duany,L (2520)-Espinosa Veloz,E (2395) Havana 2009}) 12. Nd2 Qxe5 (12... Qg6 $14) 13. Rfe1 {[#] Hoping for Nxe4!} Bf5 14. Qxb7 O-O 15. Nc4 ({White should play} 15. Bd4 $16 Qf4 16. Nb3) 15... Qb5 $14 16. Qxb5 cxb5 17. Na3 a6 18. Bc5 Rfe8 19. Nc2 (19. Bxe7 $5 Rxe7 20. Nc2 $14) 19... Nc6 20. Nd4 {Precision: White = 43%, Black = 68%.} 1/2-1/2